000 00798nam a22002417a 4500
003 UA-OsUOA
001 54492
007 ta
008 20180312b un ||||| |||| 00| 0 ukr d
100 _aПап С.
090 _a929
_bП17
942 _cBK
040 _aUA-OsUOA
_bukr
_cUA-OsUOA
_dUA-OsUOA
245 _aСторінки з історії Закарпаття
_bЯк я видавав мої праці
_cПередмова акад. Миколи Мушинки
300 _a66 с.
955 _a1
041 _aukr
080 _a929
260 _aУжгород
_bГражда
_c2017
650 7 _a9 Географія. Біографії. Історія
_2UDC
999 _c434610
_d434610